Introduction
| Published in: | The history of cartography, J.B. Harley and David Woodward, Chicago [etc.], p. 1-12 (3) |
|---|---|
| Main Authors: | , |
| Content type: | Article |
| Published: |
1998
|
| Source: | MPIPL_cat |
| _version_ | 1863687011930472449 |
|---|---|
| author | Woodward, David |
| author2 | Lewis, G.M |
| author2_variant | g l gl |
| author_facet | Woodward, David Lewis, G.M |
| author_search | Woodward, David Lewis, G.M |
| author_sort | Woodward, David |
| author_variant | d w dw |
| collection_details | MPIPL |
| container_reference | p. 1-12 |
| container_start_page | 1 |
| container_title | Cartography in the traditional African, American, Arctic, Australian and Pacific Societies. vol. 2. 3 |
| dedup_id_str | MPIPL_cat.PL0086642 |
| dewey-hierarchy | 0/[Unassigned]/ |
| dewey-hierarchy_str | 0/[Unassigned]/ |
| first_indexed | 2026-03-14T00:40:31Z |
| format | 0/Artikel/ |
| format_str | 0/Artikel/ |
| fullrecord | <?xml version="1.0" encoding="UTF-8"?>
<collection xmlns:xsi="http://www.w3.org/2001/XMLSchema-instance" xsi:schemaLocation="http://www.loc.gov/MARC21/slim http://www.loc.gov/standards/marcxml/schema/MARC21slim.xsd" xmlns="http://www.loc.gov/MARC21/slim">
<record>
<leader>00000naa a2200000 u 4500</leader>
<controlfield tag="001">PL0086642</controlfield>
<controlfield tag="003">PLI01000000000000000084352</controlfield>
<controlfield tag="005">00000000000000.0</controlfield>
<controlfield tag="008"> ||| u </controlfield>
<datafield tag="100" ind1="1" ind2=" ">
<subfield code="a">Woodward, David</subfield>
</datafield>
<datafield tag="245" ind1="0" ind2="0">
<subfield code="a">Introduction</subfield>
<subfield code="c">David Woodward, G.M. Lewis</subfield>
</datafield>
<datafield tag="260" ind1=" " ind2=" ">
<subfield code="c">1998</subfield>
</datafield>
<datafield tag="700" ind1="1" ind2=" ">
<subfield code="a">Lewis, G.M.</subfield>
</datafield>
<datafield tag="952" ind1=" " ind2=" ">
<subfield code="h">p. 1-12</subfield>
</datafield>
<datafield tag="996" ind1=" " ind2=" ">
<subfield code="a">Aufsatz</subfield>
</datafield>
<datafield tag="997" ind1=" " ind2=" ">
<subfield code="a">book chapter</subfield>
</datafield>
<datafield tag="773" ind1="0" ind2="8">
<subfield code="t">The history of cartography</subfield>
<subfield code="a">J.B. Harley and David Woodward</subfield>
<subfield code="k">3</subfield>
<subfield code="d">Chicago [etc.]</subfield>
<subfield code="g">p. 1-12</subfield>
<subfield code="w">MPIPL_cat.PL0086269</subfield>
<subfield code="z">0-226-90728-7</subfield>
<subfield code="i">In:</subfield>
</datafield>
<datafield tag="696" ind1=" " ind2=" ">
<subfield code="a">Lewis, G. Malcolm</subfield>
</datafield>
</record>
</collection>
|
| hierarchy_parent_id | MPIPL_cat.PL0086269 |
| hierarchy_parent_title | Cartography in the traditional African, American, Arctic, Australian and Pacific Societies. vol. 2. 3 |
| id | MPIPL_cat.PL0086642 |
| illustrated | Not Illustrated |
| institution | MPIPL_cat |
| institution_str | MPIPL_cat |
| isbn | 9780226907284 0-226-90728-7 |
| language | und |
| language_str | und |
| last_indexed | 2026-04-27T23:42:00Z |
| local_fields | Aufsatz |
| online | false |
| online_MPIPL_cat | false |
| online_str | false |
| publishDate | 1998 |
| publishDate_str | 1998 |
| record_format | marc |
| spelling | Woodward, David Introduction David Woodward, G.M. Lewis 1998 Lewis, G.M The history of cartography J.B. Harley and David Woodward 3 Chicago [etc.] p. 1-12 0-226-90728-7 In Lewis, G. Malcolm |
| spellingShingle | Woodward, David Introduction |
| title | Introduction |
| title_full | Introduction David Woodward, G.M. Lewis |
| title_fullStr | Introduction David Woodward, G.M. Lewis |
| title_full_unstemmed | Introduction David Woodward, G.M. Lewis |
| title_search | Introduction |
| title_short | Introduction |
| title_sort | introduction david woodward g m lewis |